|
|
|
|
| LEADER |
01008nam a22002777a 4500 |
| 001 |
37640 |
| 003 |
BD-DhAAL |
| 008 |
220209t2001 xxu |||| |||| 00| 0 eng d |
| 999 |
|
|
|c 43473
|d 43473
|
| 020 |
|
|
|a 0007102011
|
| 020 |
|
|
|a 0003751155
|
| 020 |
|
|
|a 9780007102013
|
| 040 |
|
|
|a BD-DhAAL
|
| 082 |
|
|
|a 423
|2 23
|
| 245 |
|
|
|a Collins COBUILD English dictionary for advanced learners
|
| 250 |
|
|
|a Third edition
|
| 260 |
|
|
|a Gkasgow :
|b HarperCollins,
|c 2001.
|
| 300 |
|
|
|a xlvii, 1824 pages ;
|c 24 cm.
|
| 526 |
|
|
|a BIED
|
| 541 |
|
|
|a Complimentary copy from BIED
|e 37640
|
| 650 |
|
|
|a English language
|v Dictionaries.
|9 45629
|
| 650 |
|
|
|a English language
|x Idioms
|v Dictionaries.
|9 45630
|
| 650 |
|
|
|a English language.
|9 45631
|
| 852 |
|
|
|a Ayesha Abed Library
|c BIED Collection
|
| 942 |
|
|
|2 ddc
|c BK
|
| 952 |
|
|
|0 0
|1 0
|2 ddc
|4 0
|6 423_000000000000000_COL
|7 0
|9 69742
|a BRACUL
|b BRACUL
|c GEN
|d 2022-02-09
|e Complimentary copy from BIED
|l 0
|o 423 COL
|p 3010037640
|r 2022-02-09
|t 1
|w 2022-02-09
|y BK
|x Transferred from BIED to General Stacks
|